[Event "ESP-chT 2nd Division 2019"]
[Site "Linares"]
[Date "2019.08.22"]
[Round "5.7"]
[White "Sosa, Tomas"]
[Black "Perez Garcia, Alejandro"]
[Result "1-0"]
[WhiteElo "2508"]
[BlackElo "2347"]
[Annotator "ChessBase"]
[PlyCount "81"]
[EventDate "2019.08.19"]
[EventType "team-tourn"]
[EventCountry "ESP"]
[SourceTitle "playchess.com"]
[Source "ChessBase"]
[SourceQuality "1"]
[TimeControl "5400+30"]

1. b3 {[%emt 0:01:15]} d5 {[%emt 0:03:39]} 2. Bb2 {[%emt 0:00:06]} Nf6 {[%emt 0:00:43]} 3. g3 {[%emt 0:00:06]} Bf5 {[%emt 0:04:58]} 4. Bg2 {[%emt 0:00:12]} e6 {[%emt 0:04:56]} 5. d3 {[%emt 0:00:14]} h6 {[%emt 0:04:37]} 6. Nd2 {[%emt 0:01:12]} Bh7 {[%emt 0:02:59]} 7. e4 {[%emt 0:01:01]} Bb4 {[%emt 0:04:39]} 8. c3 {[%emt 0:06:14]} Be7 {[%emt 0:01:48]} 9. Qe2 {[%emt 0:01:09]} O-O {[%emt 0:00:41]} 10. Nh3 {[%emt 0:01:39]} Nbd7 {[%emt 0:12:58]} 11. f4 {[%emt 0:06:18]} a5 {[%emt 0:13:20]} 12. a3 {[%emt 0:12:07]} c6 {[%emt 0:05:05]} 13. Nf2 {[%emt 0:04:08]} Qb6 {[%emt 0:05:39]} 14. O-O {[%emt 0:13:50]} Nc5 {[%emt 0:05:13]} 15. c4 {[%emt 0:17:40]} dxe4 {[%emt 0:10:42]} 16. dxe4 {[%emt 0:00:15]} Rfd8 {[%emt 0:05:36]} 17. Bxf6 {[%emt 0:18:46]} Bxf6 {[%emt 0:00:24]} 18. e5 {[%emt 0:00:08]} Be7 {[%emt 0:00:55]} 19. Qe3 {[%emt 0:00:29]} Na4 {[%emt 0:03:51]} 20. Qxb6 {[%emt 0:00:37]} Nxb6 {[%emt 0:00:03]} 21. Nde4 {[%emt 0:00:34]} a4 {[%emt 0:03:20]} 22. c5 {[%emt 0:00:17]} Nd5 {[%emt 0:00:56]} 23. b4 {[%emt 0:00:50]} Ne3 {[%emt 0:00:22]} 24. Rfc1 {[%emt 0:07:11]} Nxg2 {[%emt 0:02:13]} 25. Kxg2 {[%emt 0:00:06]} Bxe4+ {[%emt 0:01:38]} 26. Nxe4 {[%emt 0:00:07]} Rd3 {[%emt 0:00:33]} 27. Rd1 {[%emt 0:01:16]} Rad8 {[%emt 0:01:06]} 28. Nf2 {[%emt 0:02:41]} Rb3 {[%emt 0:00:34]} 29. Rxd8+ {[%emt 0:00:14]} Bxd8 {[%emt 0:00:05]} 30. Rd1 {[%emt 0:00:05]} Be7 {[%emt 0:00:37]} 31. Rd7 {[%emt 0:01:34]} Kf8 {[%emt 0:00:48]} 32. Ne4 {[%emt 0:00:54]} Rxa3 {[%emt 0:00:13]} 33. Rxb7 {[%emt 0:00:07]} Ke8 {[%emt 0:00:41]} 34. Ra7 {[%emt 0:01:37]} Re3 {[%emt 0:00:37]} 35. Nd6+ {[%emt 0:00:15]} Bxd6 {[%emt 0:00:15]} 36. exd6 {[%emt 0:00:04]} a3 {[%emt 0:00:25]} 37. b5 {[%emt 0:00:05]} cxb5 {[%emt 0:00:47]} 38. c6 {[%emt 0:00:04]} f6 {[%emt 0:00:27]} 39. Ra8+ {[%emt 0:00:17]} Kf7 {[%emt 0:00:04]} 40. c7 {[%emt 0:00:29]} Rc3 {[%emt 0:00:09]} 41. d7 {[%emt 0:00:06]} 1-0

[Event "ESP-chT 2nd Division 2019"]
[Site "Linares"]
[Date "2019.08.22"]
[Round "5.8"]
[White "Gavilan Diaz, Mario"]
[Black "Garriga Cazorla, Pere"]
[Result "0-1"]
[WhiteElo "2318"]
[BlackElo "2495"]
[Annotator "ChessBase"]
[PlyCount "102"]
[EventDate "2019.08.19"]
[EventType "team-tourn"]
[EventCountry "ESP"]
[SourceTitle "playchess.com"]
[Source "ChessBase"]
[SourceQuality "1"]
[TimeControl "5400+30"]

1. e4 {[%emt 0:00:00]} c5 {[%emt 0:00:36]} 2. Nf3 {[%emt 0:00:08]} Nc6 {[%emt 0:00:05]} 3. Nc3 {[%emt 0:01:24]} Nf6 {[%emt 0:00:18]} 4. d4 {[%emt 0:01:03]} cxd4 {[%emt 0:00:05]} 5. Nxd4 {[%emt 0:00:06]} Qb6 {[%emt 0:00:06]} 6. Nb3 {[%emt 0:04:37]} e6 {[%emt 0:00:07]} 7. Bd3 {[%emt 0:24:37]} a6 {[%emt 0:00:29]} 8. O-O {[%emt 0:00:31]} Qc7 {[%emt 0:00:56]} 9. f4 {[%emt 0:01:22]} d6 {[%emt 0:00:05]} 10. Qe1 {[%emt 0:01:07]} b5 {[%emt 0:04:35]} 11. a3 {[%emt 0:01:08]} Be7 {[%emt 0:03:59]} 12. Qg3 {[%emt 0:01:09]} h5 {[%emt 0:00:45]} 13. Kh1 {[%emt 0:17:34]} h4 {[%emt 0:03:30]} 14. Qh3 {[%emt 0:01:30]} b4 {[%emt 0:01:46]} 15. axb4 {[%emt 0:02:18]} Nxb4 {[%emt 0:03:42]} 16. e5 {[%emt 0:00:15]} Nxd3 {[%emt 0:07:47]} 17. cxd3 {[%emt 0:16:19]} Nd5 {[%emt 0:11:51]} 18. Na5 {[%emt 0:03:57]} O-O {[%emt 0:03:22]} 19. Ne4 {[%emt 0:05:22]} dxe5 {[%emt 0:03:04]} 20. fxe5 {[%emt 0:00:06]} Qxe5 {[%emt 0:05:17]} 21. Nc6 {[%emt 0:01:38]} Qh5 {[%emt 0:02:01]} 22. g4 {[%emt 0:06:42]} Qh7 {[%emt 0:03:18]} 23. Nxe7+ {[%emt 0:05:44]} Nxe7 {[%emt 0:00:11]} 24. Ng5 {[%emt 0:02:48]} Qg6 {[%emt 0:01:11]} 25. Bd2 {[%emt 0:00:18]} f6 {[%emt 0:01:49]} 26. Ne4 {[%emt 0:00:32]} Bb7 {[%emt 0:00:06]} 27. Kg1 {[%emt 0:00:25]} Nf5 {[%emt 0:02:48]} 28. Qg2 {[%emt 0:00:28]} Nd4 {[%emt 0:01:53]} 29. Nxf6+ {[%emt 0:00:28]} Rxf6 {[%emt 0:01:13]} 30. Rxf6 {[%emt 0:00:21]} Qxf6 {[%emt 0:01:15]} 31. Qxb7 {[%emt 0:00:06]} Rf8 {[%emt 0:00:07]} 32. Bc3 {[%emt 0:00:36]} h3 {[%emt 0:01:27]} 33. Bxd4 {[%emt 0:01:11]} Qxd4+ {[%emt 0:00:03]} 34. Kh1 {[%emt 0:00:11]} Qxd3 {[%emt 0:00:03]} 35. Kg1 {[%emt 0:00:30]} Qd4+ {[%emt 0:02:08]} 36. Kh1 {[%emt 0:00:08]} Qxg4 {[%emt 0:00:05]} 37. Rg1 {[%emt 0:00:53]} Qf3+ {[%emt 0:00:05]} 38. Qxf3 {[%emt 0:00:05]} Rxf3 {[%emt 0:00:03]} 39. Ra1 {[%emt 0:00:47]} Rf2 {[%emt 0:00:04]} 40. b4 {[%emt 0:00:37]} Kf7 {[%emt 0:00:26]} 41. Kg1 {[%emt 0:00:14]} Rg2+ {[%emt 0:00:04]} 42. Kh1 {[%emt 0:00:10]} Rb2 {[%emt 0:01:02]} 43. Kg1 {[%emt 0:00:13]} Rxb4 {[%emt 0:00:02]} 44. Rxa6 {[%emt 0:00:10]} Rg4+ {[%emt 0:00:27]} 45. Kh1 {[%emt 0:00:21]} Rf4 {[%emt 0:00:03]} 46. Kg1 {[%emt 0:00:27]} g5 {[%emt 0:00:02]} 47. Rb6 {[%emt 0:02:12]} Kf6 {[%emt 0:00:05]} 48. Ra6 {[%emt 0:00:07]} Kf5 {[%emt 0:00:04]} 49. Rb6 {[%emt 0:00:21]} e5 {[%emt 0:00:04]} 50. Rb5 {[%emt 0:00:15]} g4 {[%emt 0:00:11]} 51. Ra5 {[%emt 0:00:14]} Rb4 {[%emt 0:00:13]} 0-1

[Event "ESP-chT 2nd Division 2019"]
[Site "Linares"]
[Date "2019.08.22"]
[Round "5.9"]
[White "Fernandez Diaz, Cristian"]
[Black "Perera Borrego, Maria Adela"]
[Result "1/2-1/2"]
[WhiteElo "2303"]
[BlackElo "2186"]
[Annotator "NA"]
[PlyCount "70"]
[EventDate "2019.08.19"]
[EventType "team-tourn"]
[EventCountry "ESP"]
[SourceTitle "playchess.com"]
[Source "ChessBase"]
[SourceQuality "1"]
[TimeControl "5400+30"]

1. d4 {[%emt 0:01:19]} Nf6 {[%emt 0:00:00]} 2. c4 {[%emt 0:00:21]} e6 {[%emt 0:00:00]} 3. Nc3 {[%emt 0:00:10]} Bb4 {[%emt 0:00:05]} 4. Qc2 {[%emt 0:00:15]} O-O {[%emt 0:00:21]} 5. Nf3 {[%emt 0:00:04]} d6 {[%emt 0:02:06]} 6. Bd2 {[%emt 0:01:08]} c5 {[%emt 0:04:09]} 7. a3 {[%emt 0:03:28]} Ba5 {[%emt 0:04:33]} 8. e3 {[%emt 0:03:39]} Nc6 {[%emt 0:00:47]} 9. Bd3 {[%emt 0:00:57]} h6 {[%emt 0:01:29]} 10. O-O {[%emt 0:00:33]} Re8 {[%emt 0:00:33]} 11. Rad1 {[%emt 0:02:10]} Qe7 {[%emt 0:01:22]} 12. h3 {[%emt 0:08:17]} Bd7 {[%emt 0:04:24]} 13. d5 {[%emt 0:06:17]} Nb8 {[%emt 0:08:48]} 14. e4 {[%emt 0:08:38]} e5 {[%emt 0:01:25]} 15. Be2 {[%emt 0:05:40]} Nh5 {[%emt 0:08:09]} 16. Ne1 {[%emt 0:07:18]} Nf4 {[%emt 0:01:25]} 17. Bxf4 {[%emt 0:00:05]} exf4 {[%emt 0:00:08]} 18. Bf3 {[%emt 0:00:06]} Qg5 {[%emt 0:02:32]} 19. Kh2 {[%emt 0:00:55]} f5 {[%emt 0:01:24]} 20. exf5 {[%emt 0:03:43]} Bxc3 {[%emt 0:00:54]} 21. Qxc3 {[%emt 0:02:56]} Bxf5 {[%emt 0:00:31]} 22. Rc1 {[%emt 0:05:10]} Nd7 {[%emt 0:01:27]} 23. Bd1 {[%emt 0:00:11]} Qf6 {[%emt 0:09:31]} 24. Qd2 {[%emt 0:02:44]} g5 {[%emt 0:01:59]} 25. Ba4 {[%emt 0:10:24]} Re7 {[%emt 0:00:56]} 26. Bxd7 {[%emt 0:01:55]} Rxd7 {[%emt 0:02:29]} 27. g3 {[%emt 0:01:01]} Rg7 {[%emt 0:04:06]} 28. Ng2 {[%emt 0:01:21]} Qg6 {[%emt 0:09:37]} 29. g4 {[%emt 0:02:45]} Bd7 {[%emt 0:00:43]} 30. f3 {[%emt 0:01:19]} h5 {[%emt 0:01:01]} 31. Kg1 {[%emt 0:00:46]} hxg4 {[%emt 0:01:14]} 32. hxg4 {[%emt 0:01:23]} Qh6 {[%emt 0:10:14]} 33. Rfe1 {[%emt 0:00:21]} Rh7 {[%emt 0:01:31]} 34. Qd3 {[%emt 0:00:19]} Rf8 {[%emt 0:03:33]} 35. Kf2 {[%emt 0:05:02]} Qf6 {[%emt 0:06:08]} 1/2-1/2

[Event "ESP-chT 2nd Division 2019"]
[Site "Linares"]
[Date "2019.08.22"]
[Round "5.10"]
[White "Terron Elena, Francisco M."]
[Black "Marti Puig, Patricia"]
[Result "1-0"]
[WhiteElo "2167"]
[BlackElo "1683"]
[Annotator "NA"]
[PlyCount "49"]
[EventDate "2019.08.19"]
[EventType "team-tourn"]
[EventCountry "ESP"]
[SourceTitle "playchess.com"]
[Source "ChessBase"]
[SourceQuality "1"]
[TimeControl "5400+30"]

1. d4 {[%emt 0:00:00]} e6 {[%emt 0:01:17]} 2. c4 {[%emt 0:00:05]} Nf6 {[%emt 0:00:38]} 3. Nc3 {[%emt 0:00:24]} d5 {[%emt 0:00:27]} 4. cxd5 {[%emt 0:00:34]} exd5 {[%emt 0:00:07]} 5. Bg5 {[%emt 0:00:10]} Nbd7 {[%emt 0:00:20]} 6. e3 {[%emt 0:00:27]} c6 {[%emt 0:00:59]} 7. Bd3 {[%emt 0:00:22]} Be7 {[%emt 0:01:15]} 8. Qc2 {[%emt 0:00:14]} Nf8 {[%emt 0:02:15]} 9. Nge2 {[%emt 0:01:40]} Qc7 {[%emt 0:10:19]} 10. Bxf6 {[%emt 0:01:19]} Bxf6 {[%emt 0:00:32]} 11. Nxd5 {[%emt 0:00:05]} Qa5+ {[%emt 0:03:41]} 12. Ndc3 {[%emt 0:00:12]} Ng6 {[%emt 0:02:46]} 13. O-O {[%emt 0:01:22]} Be6 {[%emt 0:09:38]} 14. f4 {[%emt 0:08:58]} Ne7 {[%emt 0:24:52]} 15. b4 {[%emt 0:08:18]} Qh5 {[%emt 0:02:13]} 16. Ng3 {[%emt 0:00:45]} Qh6 {[%emt 0:01:05]} 17. Nge4 {[%emt 0:01:17]} Nf5 {[%emt 0:06:20]} 18. Rae1 {[%emt 0:04:36]} O-O-O {[%emt 0:11:07]} 19. Nxf6 {[%emt 0:00:27]} Qxf6 {[%emt 0:00:08]} 20. d5 {[%emt 0:00:10]} Nxe3 {[%emt 0:04:50]} 21. Rxe3 {[%emt 0:00:22]} Qd4 {[%emt 0:00:11]} 22. Qf2 {[%emt 0:08:45]} Bxd5 {[%emt 0:02:36]} 23. Nxd5 {[%emt 0:00:12]} Rxd5 {[%emt 0:01:49]} 24. Be4 {[%emt 0:07:33]} Rb5 {[%emt 0:01:16]} 25. Bf5+ {[%emt 0:00:33]} 1-0

[Event "ESP-chT 2nd Division 2019"]
[Site "Linares"]
[Date "2019.08.22"]
[Round "5.11"]
[White "Moreno Trujillo, Alejandro"]
[Black "Sanchez Saez, Francisco"]
[Result "0-1"]
[WhiteElo "2519"]
[BlackElo "2359"]
[Annotator "ChessBase"]
[PlyCount "78"]
[EventDate "2019.08.19"]
[EventType "team-tourn"]
[EventCountry "ESP"]
[SourceTitle "playchess.com"]
[Source "ChessBase"]
[SourceQuality "1"]
[TimeControl "5400+30"]

1. d4 {[%emt 0:00:00]} Nf6 {[%emt 0:00:00]} 2. c4 {[%emt 0:00:06]} g6 {[%emt 0:00:00]} 3. Nc3 {[%emt 0:00:07]} Bg7 {[%emt 0:00:04]} 4. e4 {[%emt 0:00:08]} d6 {[%emt 0:00:05]} 5. Nf3 {[%emt 0:00:06]} O-O {[%emt 0:00:05]} 6. h3 {[%emt 0:00:04]} e5 {[%emt 0:01:10]} 7. d5 {[%emt 0:00:12]} Nh5 {[%emt 0:00:14]} 8. g3 {[%emt 0:00:16]} f5 {[%emt 0:00:27]} 9. Bg2 {[%emt 0:00:14]} f4 {[%emt 0:01:03]} 10. g4 {[%emt 0:04:39]} Nf6 {[%emt 0:00:09]} 11. Bf1 {[%emt 0:10:17]} a5 {[%emt 0:07:05]} 12. b3 {[%emt 0:13:31]} Na6 {[%emt 0:05:42]} 13. Ba3 {[%emt 0:09:10]} Nd7 {[%emt 0:06:55]} 14. Na4 {[%emt 0:04:48]} Nb4 {[%emt 0:17:46]} 15. Bb2 {[%emt 0:01:42]} Na6 {[%emt 0:03:20]} 16. a3 {[%emt 0:05:08]} Ndc5 {[%emt 0:00:22]} 17. Nxc5 {[%emt 0:00:59]} Nxc5 {[%emt 0:00:09]} 18. Qc2 {[%emt 0:02:15]} c6 {[%emt 0:04:57]} 19. Bc3 {[%emt 0:06:58]} Qb6 {[%emt 0:10:01]} 20. Rb1 {[%emt 0:04:58]} cxd5 {[%emt 0:04:39]} 21. cxd5 {[%emt 0:00:09]} Bd7 {[%emt 0:00:09]} 22. Nd2 {[%emt 0:09:04]} Qc7 {[%emt 0:06:18]} 23. a4 {[%emt 0:03:57]} Rfc8 {[%emt 0:03:11]} 24. Bc4 {[%emt 0:04:17]} f3 {[%emt 0:03:21]} 25. Rg1 {[%emt 0:04:01]} Rf8 {[%emt 0:06:22]} 26. Rg3 {[%emt 0:01:42]} Kh8 {[%emt 0:00:39]} 27. Qd1 {[%emt 0:06:33]} Rf4 {[%emt 0:03:15]} 28. Rxf3 {[%emt 0:01:06]} Raf8 {[%emt 0:01:44]} 29. Rxf4 {[%emt 0:01:01]} Rxf4 {[%emt 0:00:07]} 30. f3 {[%emt 0:02:53]} Rf8 {[%emt 0:03:11]} 31. Qe2 {[%emt 0:00:45]} Bh6 {[%emt 0:01:13]} 32. Nf1 {[%emt 0:01:22]} Qb6 {[%emt 0:05:27]} 33. Rb2 {[%emt 0:01:43]} Bf4 {[%emt 0:00:42]} 34. Kd1 {[%emt 0:01:09]} Rc8 {[%emt 0:03:40]} 35. Nd2 {[%emt 0:01:15]} Nxa4 {[%emt 0:02:15]} 36. bxa4 {[%emt 0:00:34]} Bxa4+ {[%emt 0:00:02]} 37. Ke1 {[%emt 0:00:25]} Qg1+ {[%emt 0:00:42]} 38. Qf1 {[%emt 0:00:42]} Qe3+ {[%emt 0:00:16]} 39. Be2 {[%emt 0:00:40]} Bg3+ {[%emt 0:00:08]} 0-1

[Event "ESP-chT 2nd Division 2019"]
[Site "Linares"]
[Date "2019.08.22"]
[Round "5.12"]
[White "Galiana Fernandez, Adrian"]
[Black "Nayhebaver, Martin"]
[Result "1/2-1/2"]
[WhiteElo "2295"]
[BlackElo "2469"]
[Annotator "ChessBase"]
[PlyCount "107"]
[EventDate "2019.08.19"]
[EventType "team-tourn"]
[EventCountry "ESP"]
[SourceTitle "playchess.com"]
[Source "ChessBase"]
[SourceQuality "1"]
[TimeControl "5400+30"]

1. c4 {[%emt 0:00:00]} e6 {[%emt 0:00:37]} 2. Nc3 {[%emt 0:00:00]} Nf6 {[%emt 0:07:44]} 3. e4 {[%emt 0:00:00]} d5 {[%emt 0:00:39]} 4. e5 {[%emt 0:00:00]} d4 {[%emt 0:00:07]} 5. exf6 {[%emt 0:00:04]} dxc3 {[%emt 0:00:05]} 6. bxc3 {[%emt 0:00:05]} Qxf6 {[%emt 0:00:09]} 7. d4 {[%emt 0:00:05]} b6 {[%emt 0:03:31]} 8. Be2 {[%emt 0:00:05]} Bb7 {[%emt 0:03:29]} 9. Bf3 {[%emt 0:00:11]} Bxf3 {[%emt 0:00:13]} 10. Nxf3 {[%emt 0:00:12]} Bd6 {[%emt 0:01:01]} 11. Qa4+ {[%emt 0:00:16]} c6 {[%emt 0:00:53]} 12. O-O {[%emt 0:08:11]} O-O {[%emt 0:01:40]} 13. Bg5 {[%emt 0:22:36]} Qf5 {[%emt 0:05:55]} 14. Rfe1 {[%emt 0:01:06]} Rc8 {[%emt 0:05:59]} 15. Rad1 {[%emt 0:02:52]} Nd7 {[%emt 0:02:34]} 16. h3 {[%emt 0:04:18]} Rc7 {[%emt 0:15:07]} 17. Bh4 {[%emt 0:03:37]} c5 {[%emt 0:05:23]} 18. d5 {[%emt 0:00:33]} e5 {[%emt 0:01:45]} 19. Nd2 {[%emt 0:02:50]} Nf6 {[%emt 0:18:29]} 20. Bxf6 {[%emt 0:04:13]} Qxf6 {[%emt 0:00:06]} 21. Ne4 {[%emt 0:00:05]} Qg6 {[%emt 0:00:24]} 22. f4 {[%emt 0:00:10]} exf4 {[%emt 0:05:39]} 23. Nxd6 {[%emt 0:05:37]} Qxd6 {[%emt 0:00:03]} 24. Re8+ {[%emt 0:00:05]} Rxe8 {[%emt 0:00:04]} 25. Qxe8+ {[%emt 0:00:05]} Qf8 {[%emt 0:00:05]} 26. d6 {[%emt 0:20:06]} Rc8 {[%emt 0:00:10]} 27. Qe4 {[%emt 0:01:35]} Rd8 {[%emt 0:08:43]} 28. d7 {[%emt 0:05:09]} f6 {[%emt 0:00:07]} 29. Qxf4 {[%emt 0:06:19]} Qe7 {[%emt 0:00:10]} 30. Qc7 {[%emt 0:00:05]} Kf7 {[%emt 0:00:32]} 31. Kf2 {[%emt 0:00:07]} a5 {[%emt 0:01:23]} 32. Rd6 {[%emt 0:03:14]} f5 {[%emt 0:02:22]} 33. Rd5 {[%emt 0:04:32]} g6 {[%emt 0:00:44]} 34. a4 {[%emt 0:01:25]} Qf6 {[%emt 0:04:41]} 35. Rd6 {[%emt 0:00:51]} Qe7 {[%emt 0:00:51]} 36. Qc6 {[%emt 0:01:45]} f4 {[%emt 0:01:42]} 37. Qd5+ {[%emt 0:02:01]} Kg7 {[%emt 0:00:49]} 38. Re6 {[%emt 0:00:43]} Qxd7 {[%emt 0:01:07]} 39. Qe5+ {[%emt 0:00:07]} Kg8 {[%emt 0:00:37]} 40. Rxb6 {[%emt 0:02:55]} Qd2+ {[%emt 0:01:04]} 41. Kg1 {[%emt 0:00:06]} Qe3+ {[%emt 0:02:05]} 42. Qxe3 {[%emt 0:00:02]} fxe3 {[%emt 0:00:02]} 43. Kf1 {[%emt 0:02:07]} Rd3 {[%emt 0:00:19]} 44. Rb5 {[%emt 0:00:36]} Rxc3 {[%emt 0:00:25]} 45. Rxc5 {[%emt 0:00:04]} Rc2 {[%emt 0:00:19]} 46. Rxa5 {[%emt 0:00:16]} Rxc4 {[%emt 0:00:13]} 47. Ke2 {[%emt 0:00:04]} Rc3 {[%emt 0:00:24]} 48. Ra7 {[%emt 0:00:16]} Ra3 {[%emt 0:00:04]} 49. a5 {[%emt 0:00:10]} h5 {[%emt 0:00:16]} 50. h4 {[%emt 0:01:39]} Kf8 {[%emt 0:00:10]} 51. a6 {[%emt 0:00:21]} Kg8 {[%emt 0:00:03]} 52. Kf3 {[%emt 0:00:33]} Kf8 {[%emt 0:00:11]} 53. Ke2 {[%emt 0:00:38]} Kg8 {[%emt 0:00:04]} 54. Kf3 {[%emt 0:00:03]} 1/2-1/2

[Event "ESP-chT 2nd Division 2019"]
[Site "Linares"]
[Date "2019.08.22"]
[Round "5.13"]
[White "Khamrakulov, Ibragim S."]
[Black "Sanchez Dengra, Jose Maria"]
[Result "0-1"]
[WhiteElo "2429"]
[BlackElo "2216"]
[Annotator "ChessBase"]
[PlyCount "138"]
[EventDate "2019.08.19"]
[EventType "team-tourn"]
[EventCountry "ESP"]
[SourceTitle "playchess.com"]
[Source "ChessBase"]
[SourceQuality "1"]
[TimeControl "5400+30"]

1. e4 {[%emt 0:00:47]} c5 {[%emt 0:00:00]} 2. c3 {[%emt 0:02:24]} Nf6 {[%emt 0:00:15]} 3. e5 {[%emt 0:00:27]} Nd5 {[%emt 0:00:11]} 4. Nf3 {[%emt 0:06:24]} Qc7 {[%emt 0:11:44]} 5. Bc4 {[%emt 0:05:25]} Nb6 {[%emt 0:01:18]} 6. Bb3 {[%emt 0:00:09]} c4 {[%emt 0:00:46]} 7. Bc2 {[%emt 0:00:14]} Nc6 {[%emt 0:00:29]} 8. Qe2 {[%emt 0:00:16]} g5 9. h3 {[%emt 0:00:44]} Bg7 {[%emt 0:02:22]} 10. O-O {[%emt 0:00:08]} Nxe5 {[%emt 0:01:10]} 11. Nxg5 {[%emt 0:00:22]} d5 {[%emt 0:00:55]} 12. a4 {[%emt 0:02:50]} Bd7 {[%emt 0:03:53]} 13. a5 {[%emt 0:09:28]} Nc8 {[%emt 0:00:09]} 14. f4 {[%emt 0:00:10]} Nd3 {[%emt 0:27:28]} 15. Bxd3 {[%emt 0:00:24]} cxd3 {[%emt 0:00:05]} 16. Qxd3 {[%emt 0:00:19]} h6 {[%emt 0:02:42]} 17. Nf3 {[%emt 0:00:42]} Qxf4 {[%emt 0:01:40]} 18. Qxd5 {[%emt 0:01:24]} Bc6 {[%emt 0:03:00]} 19. d4 {[%emt 0:00:46]} Qg3 {[%emt 0:04:50]} 20. Qf5 {[%emt 0:04:16]} Rg8 {[%emt 0:00:26]} 21. Rf2 {[%emt 0:00:14]} Nd6 {[%emt 0:05:53]} 22. Qf4 {[%emt 0:01:17]} Qg6 {[%emt 0:02:22]} 23. Nbd2 {[%emt 0:05:12]} h5 {[%emt 0:02:30]} 24. Nh4 {[%emt 0:21:12]} Qe6 {[%emt 0:04:49]} 25. Nf5 {[%emt 0:08:48]} Nxf5 {[%emt 0:05:39]} 26. Qxf5 {[%emt 0:00:28]} Bxd4 {[%emt 0:05:11]} 27. cxd4 {[%emt 0:00:45]} Rxg2+ {[%emt 0:00:19]} 28. Kf1 {[%emt 0:00:07]} Rxf2+ {[%emt 0:01:12]} 29. Qxf2 {[%emt 0:00:20]} Qxh3+ {[%emt 0:00:05]} 30. Ke1 {[%emt 0:00:09]} Rd8 {[%emt 0:06:18]} 31. Nf1 {[%emt 0:03:22]} Bb5 {[%emt 0:00:02]} 32. Ra3 {[%emt 0:00:47]} Qg4 {[%emt 0:01:44]} 33. Rg3 {[%emt 0:01:16]} Qe4+ {[%emt 0:01:05]} 34. Ne3 {[%emt 0:01:03]} Rxd4 {[%emt 0:01:04]} 35. Rg8+ {[%emt 0:03:35]} Kd7 {[%emt 0:00:01]} 36. Qxf7 {[%emt 0:02:02]} Qh1+ {[%emt 0:00:59]} 37. Kf2 {[%emt 0:04:05]} Qh4+ {[%emt 0:00:02]} 38. Kg2 {[%emt 0:00:44]} Bc6+ {[%emt 0:01:24]} 39. Kg1 {[%emt 0:00:34]} Qh1+ {[%emt 0:01:27]} 40. Kf2 {[%emt 0:00:10]} Qh4+ {[%emt 0:00:04]} 41. Ke2 {[%emt 0:02:28]} Bb5+ {[%emt 0:00:52]} 42. Kf3 {[%emt 0:00:08]} Rf4+ {[%emt 0:01:35]} 43. Qxf4 {[%emt 0:01:07]} Bc6+ {[%emt 0:00:01]} 44. Nd5 {[%emt 0:01:20]} Bxd5+ {[%emt 0:00:02]} 45. Ke3 {[%emt 0:00:58]} Qxf4+ {[%emt 0:01:52]} 46. Kxf4 {[%emt 0:00:08]} Bxg8 {[%emt 0:00:02]} 47. Be3 {[%emt 0:00:10]} a6 {[%emt 0:00:12]} 48. b4 {[%emt 0:03:46]} Be6 {[%emt 0:01:20]} 49. Bf2 {[%emt 0:00:29]} Bg4 {[%emt 0:00:39]} 50. Ke5 {[%emt 0:00:08]} Kc6 {[%emt 0:00:26]} 51. Bh4 {[%emt 0:00:09]} e6 {[%emt 0:00:22]} 52. Be7 {[%emt 0:00:12]} Kb5 {[%emt 0:00:33]} 53. Kd4 {[%emt 0:00:18]} Ka4 {[%emt 0:01:24]} 54. Kc3 {[%emt 0:00:08]} e5 {[%emt 0:00:18]} 55. Kc4 {[%emt 0:00:46]} Bf3 {[%emt 0:00:38]} 56. Kc3 {[%emt 0:01:27]} Kb5 {[%emt 0:00:24]} 57. Bd6 {[%emt 0:01:01]} e4 {[%emt 0:00:11]} 58. Kd4 {[%emt 0:00:06]} h4 {[%emt 0:00:07]} 59. Be7 {[%emt 0:06:51]} h3 {[%emt 0:00:08]} 60. Bd6 {[%emt 0:00:02]} Bg2 {[%emt 0:00:18]} 61. Ke3 {[%emt 0:00:44]} Kc4 {[%emt 0:00:20]} 62. Ke2 {[%emt 0:01:46]} Bh1 {[%emt 0:00:29]} 63. Ke3 {[%emt 0:00:10]} Bf3 {[%emt 0:00:06]} 64. Kd2 {[%emt 0:00:59]} Kd4 {[%emt 0:01:02]} 65. Bf4 {[%emt 0:00:37]} Bg4 {[%emt 0:00:26]} 66. Bd6 {[%emt 0:01:29]} e3+ {[%emt 0:00:12]} 67. Ke1 {[%emt 0:00:08]} Ke4 {[%emt 0:00:09]} 68. Kf1 {[%emt 0:00:55]} Kf3 {[%emt 0:00:07]} 69. Ke1 {[%emt 0:00:36]} Kg2 {[%emt 0:00:23]} 0-1